000
00292nam a22001337a 4500
008
170801b xxu||||| |||| 00| 0 eng d
020
_a
9783772363733
041
_a
ger
080
_a
004
100
_a
32
101
_a
SHK
245
_a
SCHNITTSTELLEN SOFTWARE
_c
THIESER,M
942
_2
udc
_c
BK
999
_c
22334
_d
22334